000 00287nam a22001337a 4500
008 180302b xxu||||| |||| 00| 0 eng d
020 _a9780787228811
041 _aeng
080 _a37
100 _a25
101 _aedu
245 _aimproving reading
_cjohns.j.l
942 _2udc
_cBK
999 _c43946
_d43946